00567cam a22001933a 4500001000200000003000900002005001700011008004100028040002700069082002400096100002200120245003700142260003100179300002100210650002800231650002100259655003100280710006200311 DO-SdBNP20220428110615.0940817s1990 nyu d 000 1 eng d aBPMSU bspacBPMSU d  a813bS745b 19902221 aSpencer, LaVyrle.10aBitter sweet /cLaVyrle Spencer. aNew York :bPutnam, c1990 a382 p. ;c23 cm. 4a Novela estadounidense. 4aHistoria de amor 7aHistorical fiction.2gsafd2 aCopyright Paperback Collection (Library of Congress)5DLC